K českým účetním standardům

Zavedenie českých účtovných štandardov do právnej úpravy účtovníctva. Tradícia českého účtovníctva. Charakteristika medzinárodnej harmonizácie účtovníctva (smernice Rady Európskeho spoločenstva, medzinárodné účtovné štandardy, všeobecne uznávané princípy účtovníctva). Účelnosť českých účtovných štan...

ver descrição completa

Na minha lista:
Detalhes bibliográficos
Autor principal: Beneš, Ladislav
Formato: Capítulo de Livro
Idioma:tcheco
Assuntos:
Tags: Adicionar Tag
Sem tags, seja o primeiro a adicionar uma tag!

MARC

LEADER 00000naa a2200000 4500
001 r035472
005 20230913084425.1
041 0 |a cze 
044 |a CZ 
245 1 0 |a K českým účetním standardům  |c Ladislav Beneš 
520 |a Zavedenie českých účtovných štandardov do právnej úpravy účtovníctva. Tradícia českého účtovníctva. Charakteristika medzinárodnej harmonizácie účtovníctva (smernice Rady Európskeho spoločenstva, medzinárodné účtovné štandardy, všeobecne uznávané princípy účtovníctva). Účelnosť českých účtovných štandardov. 
610 2 0 |a účtovníctvo 
610 2 0 |a Česko 
610 2 0 |a štandardizácia 
610 2 0 |a štandardy 
610 2 0 |a účtovníctvo medzinárodné 
100 1 |a Beneš, Ladislav